02422cam a2200253 i 4500001001300000003000600013005001700019008004100036020001800077035004100095040006300136041000800199050002600207100003100233245004800264260003100312300002400343520080600367520074401173650003601917650002901953650003001982758015602012on1370903362OCoLC20251021165719.0230221t20222021fr 000 f fre d a9782072977374 a(OCoLC)1370903362z(OCoLC)1338132852 aSMPbengerdacSMPdYDXdOCLCFdOCLCQdOCLCOdOCLCLdOCLCQ afre aPQ2722.I43 bE64 2021 aVigan, Delphine deeauthor14aLes enfants sont roisc/ Delphine de Vigan. aParis :bGallimard,c2022. a363 pages ;c18 cm.8 aLa première fois que Mélanie Claux et Clara Roussel se rencontrèrent, Mélanie s'étonna de l'autorité qui émanait d'une femme aussi petite et Clara remarqua les ongles de Mélanie, leur vernis rose à paillettes qui luisait dans l'obscurité. 'On dirait une enfant', pensa la première, 'elle ressemble à une poupée', songea la seconde. Même dans les drames les plus terribles, les apparences ont leur mot à dire.' À travers l'histoire de deux femmes aux destins contraires, Les enfants sont rois explore les dérives d'une époque où l'on ne vit que pour être vu. Des années Loft aux années 2030, marquées par le sacre des réseaux sociaux, Delphine de Vigan offre une plongée glaçante dans un monde où tout s'expose et se vend, jusqu'au bonheur familial8 aThe first time Mélanie Claux and Clara Roussel met, Mélanie was struck by the authority radiating from such a small woman, while Clara noticed Mélanie’s nails—their pink glitter polish gleaming in the dark. “She looks like a child,” thought the former. “She looks like a doll,” thought the latter. Even in the most tragic of circumstances, appearances have their say. Through the story of two women whose fates stand in stark contrast, Children Are Kings explores the excesses of an era obsessed with visibility. From the days of reality TV to the 2030s—an age defined by the reign of social media—Delphine de Vigan delivers a chilling dive into a world where everything is displayed and sold, even family happiness. 0aInternet personalitiesvFiction 0aSocial networksvFiction 0aMissing childrenvFiction ihas work:aLes enfants sont rois (Text)1https://id.oclc.org/worldcat/entity/E39PCFVWF4xwrCtph448TrV3cP4https://id.oclc.org/worldcat/ontology/hasWork.